000 00555nam a2200205 a 4500
001 78376
003 BD-RjUL
005 20211209083125.0
008 210914s1955 pk ||||| |||| 00| 0 eng d
035 _a(BD-RjUL)78602
040 _aBD-RjUL
_beng
_cBD-RjUL
041 _aeng
082 _223
_a347.549109
_bASA 1955
100 _aAshraf, M.
_9247874
245 1 4 _aThe Arbitration act, 1940 /
_cM. Ashraf
260 _aLahore :
_bMahmood & co.,
_c1955
300 _a161 p.;
_c25 cm.
650 _aArbitration and award
_zPakistan
_9247875
942 _2ddc
_cBK
999 _c78376
_d78376